|
|
|
|
| LEADER |
00866nam a22002057a 4500 |
| 001 |
AAL3667 |
| 003 |
BD-DhAAL |
| 005 |
20160320195236.0 |
| 008 |
160320b bg ||||| |||| 00| 0 mul d |
| 082 |
|
|
|a 297.4
|
| 100 |
|
|
|a মোনয়েম, কাজী আবদুল
|9 18675
|
| 245 |
|
|
|a ইসলামের আলোকে সূফীবাদ ও সাধনা /
|c কাজী আবদুল মোনয়েম
|
| 260 |
|
|
|a ঢাকা :
|b কাশবন প্রকাশন,
|
| 300 |
|
|
|a ৮০ পৃ. ;
|c ২২ সে.মি.
|
| 541 |
|
|
|e 3667
|
| 650 |
|
|
|a সূফীবাদ
|9 18676
|
| 852 |
|
|
|a Savar Campus Library
|c General Shelf
|
| 942 |
|
|
|2 ddc
|c BK
|
| 999 |
|
|
|c 37183
|d 37183
|
| 952 |
|
|
|0 0
|1 0
|2 ddc
|4 0
|6 297_400000000000000_MON
|7 0
|9 58460
|a SCL
|b SCL
|c GEN
|d 2016-03-20
|g 60.00
|l 1
|m 1
|o 297.4 MON
|p 3020003667
|r 2026-05-07
|s 2026-04-15
|t 1
|w 2016-03-20
|y BK
|